LEADER 01093nam a2200277 u 4500 001 000000068546 003 CaOOAMICUS 005 20070226121817.0 008 020312s1995 it a u000 u ita u 020 $a8804402016 035 $a10923621 040 $aPUL(R)$bita 100 1 $aCardini, Franco,$d1940-$0(OLS)http://pul/name/5528 245 10$aAlla corte dei papi :$bvita, arte e cultura da San Pietro ai nostri giorni /$cFranco Cardini. 260 $aMilano :$bMondadori,$c1995. 300 $a286 p. ;$c25 cm 500 $aContiene indice. 504 $aBibliografia: p. 271-276. 650 4$aPapato.$0(OLS)http://pul/subject/4195 850 $aPUL 852 $aPUL$W1$xSL Filosofia 1$y2$m117 G 89$j88644$nBK-PRI$b $qStampati$B88644$CPULBib$Z2$F88644 $H $81 941 1 $a8 961 $aINV: 74557 996 $6020$a8804402016$9(OLS)http://pul/number/88855 996 $6245$aAlla corte dei papi :$bvita, arte e cultura da San Pietro ai nostri giorni$9(OLS)http://pul/title/90656 996 $6260$aMilano :$bMondadori$9(OLS)http://pul/publisher/50297 LEADER 01713nam a2200385 a 4500 001 000000148038 003 CaOOAMICUS 005 20151210092829.0 008 151210s2015 it u000 u ita r 020 $a978-88-6689-735-4* 032 $aLibriCat 040 $aPUL$bita 082 $a348.45 110 1 $aItalia.$0(OLS)http://pul/name/1188 240 10$aCodice tributario (2015).$0(OLS)http://pul/title/186796 245 10$aCodice tributario /$cGiuseppe Di Dio, Attilio Pezzinga. 250 $a60. ed. 260 $aPiacenza :$bLa tribuna,$cİ2015. 300 $a2460 p. ;$c19 cm. 490 1 $aCodici vigenti 2015 500 $aSulla cop.: Aggiornato con i Decreti di attuazione della Delega fiscale (Decreti Legislativi n. 156, 158 e 159 del 24 settembre 2015). 500 $aTesto su due colonne. 500 $aSul front.: Sul front.: Con Cd-Rom allegato contenente tutta l'area tematica "tributario" della banca dati Jus&Lex. 650 4$aDiritto tributario$zItalia.$0(OLS)http://pul/subject/18167 700 1 $aDi Dio, Giuseppe,$d1961-$0(OLS)http://pul/name/45471 700 1 $aPezzinga, Attilio.$0(OLS)http://pul/name/45472 830 0$aCodici vigenti 2015.$0(OLS)http://pul/title/181748 850 $aPUL 852 $aPUL$W1$xDP2 Diritto e Scienze Sociali 3$y110$m348. 45 COD 3.1.62$j170809$qDDC 21$B171859$CPULBib$Z2$F171859 $H126759 $81 941 1 $a9 996 $6020$a978-88-6689-735-4*$9(OLS)http://pul/number/159225 996 $6082$a348.45$9(OLS)http://pul/classification/373 996 $6245$aCodice tributario$9(OLS)http://pul/title/145280 996 $6260$aPiacenza :$bLa tribuna$9(OLS)http://pul/publisher/62750